The governance f China/ (Record no. 68268)
| 000 -BAŞLIK | |
|---|---|
| Sabit Uzunluktaki Kontrol Alanı | 01399nam a22004337a 4500 |
| 001 - KONTROL NUMARASI | |
| Control Dosyası | 0067697 |
| 003 - KONTROL NUMARASI KİMLİĞİ | |
| Kontrol Alanı | KOHA_MİRAKIL |
| 005 - EN SON İŞLEM TARİHİ ve ZAMANI | |
| Kontrol Alanı | 20260207004722.0 |
| 007 - FİZİKSEL TANIM SABİT ALAN - GENEL BİLGİ | |
| Sabit uzunluklu kontrol alanı | ta |
| 008 - SABİT UZUNLUKTAKİ VERİ ÖGELERİ - GENEL BİLGİ | |
| Sabit Alan | 220919b2020 ch a|||gr||||#0|||0|eng | |
| 020 ## - ISBN - ULUSLARARASI STANDART KİTAP NUMARASI | |
| Isbn | 9787119113951 |
| Nitelik bilgileri | (v.1) |
| 020 ## - ISBN - ULUSLARARASI STANDART KİTAP NUMARASI | |
| Isbn | 9787119111643 |
| Nitelik bilgileri | (v.2)9787119124124 |
| -- | (v.3) |
| 040 ## - KATALOGLAMA KAYNAĞI | |
| Özgün Kataloglama Kurumu | TR-BiSEU |
| Kataloglama Dili | tur |
| Çeviri Kurumu | TR-BiSEU |
| Açıklama Kuralları | rda |
| 041 0# - DİL KODU | |
| Metin ya da ses kaydının dil kodu | eng |
| 044 ## - YAYINLAYAN/ÜRETEN KURULUŞUN ÜLKE KODU | |
| ISO country code | ch |
| 050 ## - SINIFLAMA ve YER NUMARASI | |
| Sınıflama Numarası | JQ1510 |
| Yer Numarası | .J56 2020 |
| 100 1# - KİŞİ ADI | |
| Yazar Adı (Kişi adı) | Jinping, Xi. |
| 245 14 - ESER ADI BİLDİRİMİ | |
| Başlık | The governance f China/ |
| Sorumluluk Bildirimi | Xi Jinping ; Xi Jinping. |
| 250 ## - BASIM BİLDİRİMİ | |
| Basım Bildirimi | First edition |
| 264 #1 - ÜRERİM, YAYIN, DAĞITIM ve TELİF BİLDİRİMİ | |
| Yayın yeri | Beijing : |
| Yayınlayan | Foreign Languages Press |
| Yayın tarihi | 2020 |
| 300 ## - FİZİKSEL TANIMLAMA | |
| Sayfa, Cilt vb. | 3 volumes : |
| Diğer fiziki detaylar | illustrations ; |
| Boyutları | 24 cm. |
| 336 ## - İÇERİK TÜRÜ | |
| Content type term | metin |
| Content type code | txt |
| Source | rdacontent |
| 337 ## - MEDYA TÜRÜ | |
| Media type term | aracısız |
| Media type code | n |
| Source | rdamedia |
| 338 ## - TAŞIYICI TÜRÜ | |
| Carrier type term | cilt |
| Carrier type code | nc |
| Source | rdacarrier |
| 500 ## - GENEL NOT | |
| Genel Not | Dizin var. |
| 500 ## - GENEL NOT | |
| Genel Not | volume 1, Seventh printing ; |
| 500 ## - GENEL NOT | |
| Genel Not | volume 2, first edition, sixth printing (2019) ; |
| 500 ## - GENEL NOT | |
| Genel Not | volume 3, first edition, second printing (2020). |
| 650 #0 - KONU BAŞLIĞI EK GİRİŞ - KONU TERİMİ | |
| Konusal terim veya coğrafi ad | Nationalism--China. |
| 9 (RLIN) | 128511 |
| 650 #0 - KONU BAŞLIĞI EK GİRİŞ - KONU TERİMİ | |
| Konusal terim veya coğrafi ad | World politics--21st century. |
| 9 (RLIN) | 80061 |
| 650 #0 - KONU BAŞLIĞI EK GİRİŞ - KONU TERİMİ | |
| Konusal terim veya coğrafi ad | Political oratory--China--21st century. |
| 9 (RLIN) | 128512 |
| 650 #0 - KONU BAŞLIĞI EK GİRİŞ - KONU TERİMİ | |
| Konusal terim veya coğrafi ad | Gesellschaftsordnung. |
| 9 (RLIN) | 128513 |
| 650 #0 - KONU BAŞLIĞI EK GİRİŞ - KONU TERİMİ | |
| Konusal terim veya coğrafi ad | Politik sistem. |
| 9 (RLIN) | 128514 |
| 650 #0 - KONU BAŞLIĞI EK GİRİŞ - KONU TERİMİ | |
| Konusal terim veya coğrafi ad | Toplumsal düzen. |
| 9 (RLIN) | 128515 |
| 650 #0 - KONU BAŞLIĞI EK GİRİŞ - KONU TERİMİ | |
| Konusal terim veya coğrafi ad | Political system. |
| 9 (RLIN) | 38341 |
| 650 #0 - KONU BAŞLIĞI EK GİRİŞ - KONU TERİMİ | |
| Konusal terim veya coğrafi ad | Social order. |
| 9 (RLIN) | 128516 |
| 907 ## - LOCAL DATA ELEMENT G, LDG (RLIN) | |
| a | Siyasal Bilimler |
| 942 ## - EK GİRİŞ ÖGELERİ (KOHA) | |
| Source of classification or shelving scheme | Library of Congress Classification |
| Koha item type | Book |
| Materyal Türü | Kalıcı Konum | Mevcut Konum | Raf Yeri | Sınıflandırma Kaynağı | Edinim Bilgisi | Ana Konular | Alt Konular | Yer Numarası | Cilt Bilgisi | Demirbaş Numarası | Fatura Tarihi | Geri Çekilme Durumu | Kayıp Durumu | Hasarlı Durumu | Kredi için değil | Kayıt Tarih | Toplam Ödünçverme | Son Görülme Tarihi | Son Kontrol Tarihi | Genel / Bağış Notu |
|---|---|---|---|---|---|---|---|---|---|---|---|---|---|---|---|---|---|---|---|---|
| Book | Prof. Dr. Azmi Özcan Kütüphanesi | Prof. Dr. Azmi Özcan Kütüphanesi | Uluğbey Salonu | Library of Congress Classification | Bağış | SİYASET BİLİMİ | Siyasi Kurumlar ve Kamu Yönetimi (Asya, Afrika, Okyanusya vb.) | JQ1510 .J56 2020 | c.3 | 0067697 | 02/02/2026 | 19/09/2022 | 06/03/2025 | 06/03/2025 | Genel Bağış |
